000 01120nam a22003377a 4500
003 CHAP
005 20220329134631.0
008 971013s1973 r 00010 d
010 _a23352
011 _a24324
035 _a28423
040 _cCHAP
090 _aTesis
100 0 0 _aChávez Fallas, Carlos Alberto.
_922697
245 _aDeterminación de requerimientos de riego para Costa Rica
260 _aChapingo, Méx. :
_bEl autor,
_c1973
300 _a79 h.
_b; mapa
502 _aTesis (M.C. Esp. en Riego y Drenaje) -- ENA. Rama de Riego y Drenaje
590 _aALEPH
_b10
_c20130110
_lUCH01
_h1247
590 _aBATCH-UPD
_b10
_c20130110
_lUCH01
_h0250
590 _aBATCH-UPD
_b10
_c20130110
_lUCH01
_h2240
590 _aBATCH-UPD
_b10
_c20130409
_lUCH01
_h2321
590 _aBATCH-UPD
_b10
_c20130914
_lUCH01
_h0927
590 _aCONVERSION
_b10
_c20130109
_lUCH01
_h1314
650 1 4 _aIrrigación
_xCosta Rica.
_960391
901 _aBK
942 _cFOLL
949 _bBC
_cTES
_d-65589
_eTS1
_i28423
_si
949 _bBC
_cTES
_d-65590
_eTS2
_fc.2
_i28423
_si
949 _bBC
_cTES
_d33724000685368
_eTS2
_fc.3
_i28423
_sb
999 _c23352
_d23352